| 000 | 00891cab a22002415a 4500 | ||
|---|---|---|---|
| 001 | L159981 | ||
| 008 | 180413e2018 xxk 000 0 eng d | ||
| 035 | _a(Sirsi) u159981 | ||
| 041 | 0 | _aeng | |
| 245 | 0 | 0 | _a2018 Global Top 100 |
| 260 | _c2018 | ||
| 490 |
_aEstates Gazette _v(18110 17 March 2018, 44-51(8) |
||
| 520 | _aLists top 100 global real estate owning companies with 30% of the total asset base owned by Asian firms. Hiighlights top 10 global cities for residential investment with Charlotte USA topping the list and the top ten cities attractive to investors in luxury retail based on market size, occupational demand and leasing. | ||
| 590 | _aKA | ||
| 650 | 2 | 4 | _aLUXURY |
| 650 | 2 | 4 | _aHIGH END |
| 651 | 4 | _aInternational | |
| 690 |
_aInvestments _96250 |
||
| 690 |
_aCommercial property _96227 |
||
| 690 |
_aResidential property _96266 |
||
| 856 | 4 | 0 |
_u _z |
| 942 | _n0 | ||
| 999 |
_c85100 _d85100 |
||